Introduction to mathematical analysis / (Record no. 37733)
[ view plain ]
| 000 -LEADER | |
|---|---|
| fixed length control field | 00848nam a2200277 a 4500 |
| 001 - CONTROL NUMBER | |
| control field | 37733 |
| 003 - CONTROL NUMBER IDENTIFIER | |
| rucl marc code | BD-RjUL |
| 005 - DATE AND TIME OF LATEST TRANSACTION | |
| control field | 20211209052637.0 |
| 008 - FIXED-LENGTH DATA ELEMENTS--GENERAL INFORMATION | |
| fixed length control field | 150409s1982 nyu 001 0 eng |
| 020 ## - INTERNATIONAL STANDARD BOOK NUMBER | |
| International Standard Book Number | 0070488452 |
| 035 ## - SYSTEM CONTROL NUMBER | |
| System control number | (BD-RjUL)37837 |
| 040 ## - CATALOGING SOURCE | |
| Original cataloging agency | DLC |
| Transcribing agency | DLC |
| Modifying agency | DLC |
| -- | BD-RjUL |
| Language of cataloging | eng |
| 041 ## - LANGUAGE CODE | |
| Language code of text/sound track or separate title | eng |
| 082 00 - DEWEY DECIMAL CLASSIFICATION NUMBER | |
| Classification number | 515 |
| Edition number | 19 |
| Author mark and year | PAI 1982 |
| 100 1# - MAIN ENTRY--PERSONAL NAME | |
| Personal name | Parzynski, William R. |
| 9 (RLIN) | 116518 |
| 245 10 - TITLE STATEMENT | |
| Title | Introduction to mathematical analysis / |
| Statement of responsibility, etc. | William R. Parzynski, Philip W. Zipse. |
| 260 ## - PUBLICATION, DISTRIBUTION, ETC. (IMPRINT) | |
| Place of publication, distribution, etc. | New York : |
| Name of publisher, distributor, etc. | McGraw-Hill, |
| Date of publication, distribution, etc. | c1982. |
| 300 ## - PHYSICAL DESCRIPTION | |
| Pagination | viii, 359 p. ; |
| Size | 24 cm. |
| 500 ## - GENERAL NOTE | |
| General note | Includes index. |
| 650 #0 - SUBJECT ADDED ENTRY--TOPICAL TERM | |
| Topical term or geographic name as entry element | Mathematical analysis. |
| 9 (RLIN) | 116520 |
| 700 1# - ADDED ENTRY--PERSONAL NAME | |
| Personal name | Zipse, Philip W. |
| 942 ## - ADDED ENTRY ELEMENTS (KOHA) | |
| Source of classification or shelving scheme | Dewey Decimal Classification |
| Koha item type | Books |
| Lost status | Source of classification or shelving scheme | Damaged status | Not for loan | Collection code | Permanent Location | Current Location | Shelving location | Date acquired | Source of acquisition | Cost, normal purchase price | Total Checkouts | Full call number | Date last seen | Date checked out | Copy number | Koha item type | Checked out |
|---|---|---|---|---|---|---|---|---|---|---|---|---|---|---|---|---|---|
| Dewey Decimal Classification | Non-fiction | Central Library, University of Rajshahi | Central Library, University of Rajshahi | 26/06/1988 | Manik Brothers | 11.50 | 5 | 515 PAI 1982 | 31/03/2026 | 02/03/2026 | C-2 | Books | |||||
| Dewey Decimal Classification | Non-fiction | Central Library, University of Rajshahi | Central Library, University of Rajshahi | 26/06/1988 | Manik Brothers | 11.50 | 2 | 515 PAI 1982 | 15/04/2026 | 15/04/2026 | C-3 | Books | 30/04/2026 |